| 000 | 01613nam a2200361 i 4500 | ||
|---|---|---|---|
| 001 | bg | ||
| 100 | 1 | _aKozioł, Katarzyna. | |
| 245 | 1 | 0 |
_aInnowacyjność polskich przedsiębiorstw przemysłowych na tle doświadczeń Unii Europejskiej / _cKatarzyna Kozioł. |
| 246 | 0 | 8 | _aInnowacyjność polskich przedsiębiorstw przemysłowych |
| 260 |
_aSzczecin : _bWydawnictwo Naukowe Uniwersytetu Szczecińskiego, _c2007. |
||
| 300 |
_a256 s. : _bil. ; _c24 cm. |
||
| 490 | 1 |
_aRozprawy i Studia / Uniwersytet Szczeciński, _x0860-2751 ; _vt. 661 (735) |
|
| 500 | _aNa s. tyt. także t. 735 oznaczający numer kolejny serii Rozprawy i Studia do nr 74 wydawanej przez Wyższą Szkołę Pedagogiczną w Szczecinie. | ||
| 504 | _aBibliogr. s. 235-250. | ||
| 546 | _aStreszcz. ang. | ||
| 650 | 9 |
_aInnowacje _xpolityka _zkraje Unii Europejskiej |
|
| 650 | 9 |
_aInnowacje _xpolityka _zPolska _yod 1989 r. |
|
| 650 | 9 |
_aInnowacje _xstosowanie _xgospodarka _zkraje Unii Europejskiej |
|
| 650 | 9 |
_aInnowacje _xstosowanie _xgospodarka _zPolska _yod 1989 r. |
|
| 650 | 9 |
_aPrzedsiębiorstwo _xorganizacja _zkraje Unii Europejskiej |
|
| 650 | 9 |
_aPrzedsiębiorstwo _xorganizacja _zPolska _yod 1989 r. |
|
| 830 | 0 |
_aRozprawy i Studia - Uniwersytet Szczeciński _x0860-2751 _vt. 661 |
|
| 015 | _aPB 16446/2007 | ||
| 020 | _a9788372416063 | ||
| 040 | _cBPK | ||
| 041 | 0 |
_apol _beng |
|
| 044 | _aPOL | ||
| 080 | _a338.22:658.1/.5:005.342](438:4-67)"1989/..." | ||
| 920 | _a978-83-7241-606-3 | ||
| 942 | _cKS | ||
| 008 | 080321s2007 pl a |000 0 pol | ||
| 999 |
_c54368 _d54368 |
||
| 856 |
_uhttp://koha.tu.koszalin.pl/cgi-bin/koha/opac-detail.pl?biblionumber=54368 _yKatalog online BPK |
||